000 00818cam a2200265 a 4500
001 15887
003 BD-RjUL
005 20211208235914.0
008 140211s1983 nyua b 001 0 eng
020 _a0444007350 :
035 _a(BD-RjUL)15942
040 _aDLC
_cDLC
_dDLC
_dOCoLC
_dBD-RjUL
_beng
041 _aeng
082 0 0 _a658.8
_219
_bPRO 1983
245 0 0 _aProductivity and efficiency in distribution systems /
_cedited by David A. Gautschi.
260 _aNew York :
_bNorth-Holland,
_cc1983.
300 _axiv, 234 p. :
_bill. ;
_c24 cm.
504 _aIncludes bibliographies and index.
650 0 _aPhysical distribution of goods.
_949262
650 0 _aIndustrial productivity.
_99251
700 1 _aGautschi, David A.
_949263
942 _2ddc
_cBK
999 _c15887
_d15887